000 00541nam a2200181Ia 4500
008 100920s9999 xx 000 0 und d
082 _b84441
_a891.463.1 थ 98
100 _aप्रभावळकर दिलीप.
245 _aहसगत.
260 _bविश्वमोहिनी प्रकाशन, पुणे.
_c1998
300 _a224
_bसाधी
365 _b200
520 _aलघुकथा.
630 _aहसगत.
650 _aलघुकथा.
730 _aहसगत.
942 _cBOOK
999 _c724994
_d724991